000 00434nam a22001697a 4500
005 20180717124624.0
008 160526b xxu||||| |||| 00| 0 eng d
020 _a81-219-2344-1
041 _aeng
082 _b5333
_a658.1511
100 _aSrinivasian, N.P. & others
_91335
245 _aAccounting for Management
260 _aNew Delhi
_bAcademic Faundation
_c2008
300 _a710p,
650 _aManagement
_9241
942 _cBK
999 _c1883
_d1882